|
|
|
|
| LEADER |
00000cam a2200000 4500 |
| 001 |
vtls012078238 |
| 003 |
SK-MaSNL |
| 005 |
20260302062236.0 |
| 008 |
211123s2021 xo ob gr 000 0 slo |
| 015 |
|
|
|a SNBA2022/08
|
| 020 |
|
|
|a 9788097361679
|q (viazané)
|
| 040 |
|
|
|a SNK
|b slo
|c SNK
|e rda
|
| 041 |
0 |
|
|a slo
|
| 043 |
|
|
|a e-xo---
|
| 044 |
|
|
|a xo
|c SK
|
| 072 |
|
7 |
|a 911
|x Všeobecná geografia. Systematická geografia
|2 konspekt
|
| 080 |
|
|
|a 911.375(091)
|2 2011
|
| 080 |
|
|
|a 93/94-027.541
|2 2011
|
| 080 |
|
|
|a (084.12)
|2 2011
|
| 080 |
|
|
|a (437.6)
|2 2011
|
| 080 |
|
|
|a 77
|2 2011
|
| 100 |
1 |
|
|a Vnuk, Vladimír,
|d 1950-
|4 aut
|9 364830
|
| 245 |
1 |
0 |
|a Prechádzka starou Nitrou
|b Nitriansky hrad a okolie
|c Vladimír Vnuk
|
| 246 |
3 |
0 |
|a Nitriansky hrad a okolie
|
| 264 |
|
1 |
|a Nitra
|b Agris Slovakia spol s.r.o.
|c 2021
|
| 300 |
|
|
|a 189 strán
|b fotografie
|c 31 cm
|
| 336 |
|
|
|a text
|b txt
|2 rdacontent
|
| 336 |
|
|
|a statický obraz
|b sti
|2 rdacontent
|
| 337 |
|
|
|a bez média
|b n
|2 rdamedia
|
| 338 |
|
|
|a zväzok
|b nc
|2 rdacarrier
|
| 366 |
|
|
|e 500 kusov
|
| 500 |
|
|
|a Obsahuje biografické údaje o autorovi
|
| 610 |
2 |
7 |
|a Nitriansky hrad
|2 SNKKA
|9 165089
|
| 650 |
0 |
7 |
|a dejiny miest
|2 SNKPH
|9 164833
|
| 650 |
0 |
7 |
|a regionálne dejiny
|2 SNKPH
|9 63645
|
| 650 |
0 |
7 |
|a Regional history
|2 SNKPHeng
|9 266493
|
| 650 |
0 |
7 |
|a History of cities and towns
|2 SNKPHeng
|9 267901
|
| 650 |
0 |
7 |
|a historická fotografia
|2 SNKPH
|9 54961
|
| 650 |
0 |
7 |
|a Historical photography
|2 SNKPHeng
|9 331232
|
| 651 |
|
7 |
|a Nitra (Slovensko)
|2 SNKPHgeo
|9 15714
|
| 651 |
|
7 |
|a Nitra (Slovakia)
|2 SNKPHeng
|9 265425
|
| 655 |
|
7 |
|a fotografické publikácie
|2 SNKPH
|9 70483
|
| 655 |
|
7 |
|a Photographic publication
|2 SNKPHeng
|9 266858
|
| 919 |
|
|
|a 978-80-973616-7-9
|
| 954 |
|
|
|a iná literatúra (príručky, kuchárske knihy, hobby literatúra, sprievodcovia) pôvodná (slovenská)
|2 lita
|
| 999 |
|
|
|c 1128513
|d 1130443
|
| 952 |
|
|
|a SNK
|b SNK
|y VYP
|7 0
|p 17A1470724
|o snkSB 97544 D1
|i snk2021/19965
|8 0
|0 0
|1 0
|4 0
|d 2021-12-02
|l 0
|r 2026-02-24 18:53:31
|w 2026-02-24
|
| 952 |
|
|
|a SNK
|b SNK
|y PREZ
|7 0
|p 17A1470723
|o snkSB 97544
|i snk2021/19964
|8 0
|0 0
|1 0
|4 0
|d 2021-12-02
|f 1
|l 0
|r 2025-05-16 00:00:00
|w 2026-02-24
|